书目信息 |
| 题名: |
表面工程手册
|
|
| 作者: | 曲敬信 , 汪泓宏 主编 | |
| 分册: | ||
| 出版信息: | 北京 化学工业出版社 1998.03 |
|
| 页数: | 895页 | |
| 开本: | 16开 | |
| 丛书名: | ||
| 单 册: | ||
| 中图分类: | TG176-62 | |
| 科图分类: | ||
| 主题词: | 腐蚀 , 金属表面 , 金属表面清理 | |
| 电子资源: | ||
| ISBN: | 7-5025-1992-0 | |
| 000 | 00654nam0 2200229 45 | |
| 001 | 0010081173 | |
| 005 | 20001008111520.8 | |
| 010 | @a7-5025-1992-0@d90.00元 | |
| 100 | @a20001008d1998 km y0chiy0120 ea | |
| 101 | 0 | @achi |
| 105 | @a z 000yy | |
| 200 | 1 | @a表面工程手册@ABiao Mian Gong Cheng Shou Ce@f曲敬信,汪泓宏主编@FQu Jing Xin,Wang Hong Hong Zhu Bian |
| 210 | @a北京@c化学工业出版社@d1998.03 | |
| 215 | @a895页@d16开 | |
| 606 | 0 | @a腐蚀 |
| 606 | 0 | @a金属表面 |
| 606 | 0 | @a金属表面清理 |
| 690 | @aTG176-62@v3 | |
| 701 | 0 | @a曲敬信@4主编 |
| 701 | 0 | @a汪泓宏@4主编 |
| 801 | @aCN@bPftUser@c20001008 | |
| 905 | @b172212-214@dTG176-62@eQ889@f3 | |
| 表面工程手册/曲敬信,汪泓宏主编.-北京:化学工业出版社,1998.03 |
| 895页;16开 |
| ISBN 7-5025-1992-0:90.00元 |
| ● |
| 相关链接 |
|
|
|
正题名:表面工程手册
索取号:TG176-62/Q889
 
预约/预借
| 序号 | 登录号 | 条形码 | 馆藏地/架位号 | 状态 | 备注 |
| 1 | 172212 | 201722127 | 自科库501/501自科库 25排3列4层/ [索取号:TG176-62/Q889] | 在馆 | |
| 2 | 172213 | 201722136 | 期刊室512/501自科库 25排3列4层/ [索取号:TG176-62/Q889] | 在馆 | |
| 3 | 172214 | 201722145 | 自科库501/501自科库 25排3列4层/ [索取号:TG176-62/Q889] | 在馆 |